000 00636nam a22002177a 4500
005 20160901162035.0
010 _aENG-99425
020 _a9788184244519
_c250.00
035 _aEN-82957
037 _bDBAD/PUB
082 _a678.32
245 _aTyres in mining and allied sectors status and outlook /
_cedited by A.K.Basu
260 _aNew Delhi
_bAllied Publishers
_c2009
270 _aA-104, Mayapuri Phase-II
_bNew Delhi
_e110064
300 _a181p.:
_bill.
_c22cm (Hb)
500 _aIncludes index
600 _aIndia
600 _aMachinery
700 _aBasu, A.K.
_910121
942 _2ddc
_cEN
_h678.32
_mTYR
999 _c40662
_d40662